| 000 | 01018nam a2200181Ia 4500 | ||
|---|---|---|---|
| 008 | 151202s9999||||xx |||||||||||||| ||und|| | ||
| 082 | _bPNVM-70094 | ||
| 100 | _aब्रह्मे सुलभा. | ||
| 245 | _aमहाराष्ट्र चरित्र ग्रंथमाला संच ( अर्थतज्ज्ञ धनंजयराव गाडगीळ ). | ||
| 260 | _b"श्री गंधर्व - वेद प्रकाशन, पुणे." | ||
| 260 | _c70094 | ||
| 300 | _a199 | ||
| 600 | _aब्रह्मे सुलभा. | ||
| 630 | _aमहाराष्ट्र चरित्र ग्रंथमाला संच ( अर्थतज्ज्ञ धनंजयराव गाडगीळ ). | ||
| 700 | _aब्रह्मे सुलभा. | ||
| 730 | _aमहाराष्ट्र चरित्र ग्रंथमाला संच ( अर्थतज्ज्ञ धनंजयराव गाडगीळ ). | ||
| 942 | _cBOOK | ||
| 999 |
_c1336604 _d1336601 |
||